[Event "Baleares-chT"]
[Site "Palma de Mallorca"]
[Date "2022.02.12"]
[Round "4.2"]
[White "Sauleda Roig, Jaume"]
[Black "Carretero Cacho, Alex"]
[Result "1-0"]
[WhiteElo "2143"]
[BlackElo "1685"]
[PlyCount "93"]
[EventDate "2022.01.22"]
[EventType "team-tourn"]
[EventRounds "7"]
[EventCountry "ESP"]
[SourceTitle "EXT 2023"]
[Source "ChessBase"]
[SourceDate "2022.10.05"]
[SourceVersion "1"]
[SourceVersionDate "2022.10.05"]
[SourceQuality "1"]
[WhiteTeam "Son Dameto"]
[BlackTeam "Cercle de Cultura Es Castell"]
[WhiteTeamCountry "ESP"]
[BlackTeamCountry "ESP"]

1. d4 d5 2. Nf3 Nf6 3. c4 c6 4. g3 Bf5 5. Bg2 dxc4 6. 0-0 e6 7. Nc3 Nbd7 8. Bf4 h6 9. h3 Be7 10. g4 Bh7 11. Rc1 0-0 12. Ne5 Nd5 13. Bh2 Bg5 14. Nxd7 Qxd7 15. Ra1 Nf4 16. h4 Nxg2 17. hxg5 Nh4 18. gxh6 e5 19. Kh1 exd4 20. Qd2 Rfd8 21. Qg5 f6 22. Qxh4 dxc3 23. bxc3 Qd5+ 24. Kg1 Qd2 25. hxg7 Kxg7 26. Qg3 Rd5 27. Rad1 Qxd1 28. Rxd1 Rxd1+ 29. Kg2 Rad8 30. g5 Kf7 31. Qf4 f5 32. Qxc4+ Kg6 33. Qh4 Bg8 34. Qh6+ Kf7 35. Qf6+ Ke8 36. Qe5+ Kf8 37. Qxf5+ Ke8 38. Qe5+ Kf8 39. Qf6+ Ke8 40. Qe5+ Kf8 41. Qf6+ Ke8 42. Be5 Bxa2 43. g6 R8d7 44. Qh8+ Ke7 45. Bf6+ Ke6 46. g7 Kxf6 47. g8Q+ 1-0

[Event "Mallorca-chT Preferente"]
[Site "Mallorca"]
[Date "2021.04.24"]
[Round "7"]
[White "Martin Mascaro, Juan"]
[Black "Sauleda Roig, Jaume"]
[Result "0-1"]
[WhiteElo "1953"]
[BlackElo "2118"]
[PlyCount "115"]
[EventDate "2021.03.06"]
[EventType "team-swiss"]
[EventRounds "7"]
[EventCountry "ESP"]
[SourceTitle "EXT 2023"]
[Source "ChessBase"]
[SourceDate "2022.10.05"]
[SourceVersion "1"]
[SourceVersionDate "2022.10.05"]
[SourceQuality "1"]
[WhiteTeam "Balanguera"]
[BlackTeam "Son Dameto"]
[WhiteTeamCountry "ESP"]
[BlackTeamCountry "ESP"]

1. d4 c5 2. c3 cxd4 3. cxd4 Nf6 4. Nf3 g6 5. Nc3 d5 6. Bf4 Bg7 7. e3 0-0 8. Bd3 Nc6 9. Rc1 Nh5 10. Bg5 a6 11. 0-0 Qd6 12. Ne2 Bg4 13. Nd2 e5 14. f3 Be6 15. g4 h6 16. Bh4 g5 17. Bf2 Nf6 18. dxe5 Nxe5 19. Bb1 Rac8 20. Nc3 Rfd8 21. Qe2 Nc4 22. Nb3 Nd7 23. e4 Re8 24. Rfd1 Qf4 25. exd5 Bxg4 26. Qd3 Bxf3 27. Qh7+ Kf8 28. Bg3 Qe3+ 29. Bf2 Nf6 30. Bxe3 Nxh7 31. Bc5+ Kg8 32. Rd3 Ne5 33. Re3 Nf6 34. Bf5 Rcd8 35. d6 Bc6 36. Bb6 Rxd6 37. Bc7 Nd5 38. Nxd5 Rxd5 39. Be4 Rd7 40. Bxc6 bxc6 41. Bxe5 Bxe5 42. Kg2 Rde7 43. Nc5 f6 44. Nxa6 Rd7 45. Rc2 Rd4 46. Nc5 Ra8 47. a3 Rg4+ 48. Kf3 h5 49. Nd7 Rf4+ 50. Kg2 Bd4 51. Re7 Ra4 52. Rxc6 Ra8 53. Rc7 Rf2+ 54. Kh1 f5 55. b4 h4 56. h3 Rf4 57. Rc4 g4 58. Kh2 0-1

[Event "Mallorca-chT Preferente"]
[Site "Mallorca"]
[Date "2021.04.10"]
[Round "5"]
[White "Juan Lepp, Jaime Boris"]
[Black "Sauleda Roig, Jaume"]
[Result "0-1"]
[WhiteElo "1900"]
[BlackElo "2118"]
[PlyCount "70"]
[EventDate "2021.03.06"]
[EventType "team-swiss"]
[EventRounds "7"]
[EventCountry "ESP"]
[SourceTitle "EXT 2023"]
[Source "ChessBase"]
[SourceDate "2022.10.05"]
[SourceVersion "1"]
[SourceVersionDate "2022.10.05"]
[SourceQuality "1"]
[WhiteTeam "Binissalem"]
[BlackTeam "Son Dameto"]
[WhiteTeamCountry "ESP"]
[BlackTeamCountry "ESP"]

1. e4 c5 2. d4 g6 3. dxc5 Bg7 4. Nc3 Qa5 5. Bd2 Qxc5 6. Nd5 Na6 7. Nf3 e6 8. b4 Qf8 9. Nc3 Qxb4 10. Rb1 Qe7 11. e5 Nc5 12. Nb5 Qd8 13. Bb4 Bf8 14. Nd6+ Bxd6 15. Qxd6 b6 16. Bxc5 bxc5 17. Qxc5 f6 18. Bd3 fxe5 19. Nxe5 Qe7 20. Qe3 Nf6 21. Qh6 Qf8 22. Qh4 Qg7 23. 0-0 0-0 24. Rfd1 Nd5 25. Re1 Nf4 26. Bf1 d6 27. Nc4 Qc7 28. Re3 Ba6 29. Na3 Bxf1 30. Rxf1 Qc6 31. Qg4 Rab8 32. Rb3 Rxb3 33. axb3 h5 34. Qg5 Rf5 35. Qd8+ Kf7 0-1

[Event "Mallorca-chT Preferente"]
[Site "Mallorca"]
[Date "2021.03.27"]
[Round "4"]
[White "Sauleda Roig, Jaume"]
[Black "Munar Mut, Antoni"]
[Result "1-0"]
[WhiteElo "2118"]
[BlackElo "1816"]
[PlyCount "28"]
[EventDate "2021.03.06"]
[EventType "team-swiss"]
[EventRounds "7"]
[EventCountry "ESP"]
[SourceTitle "EXT 2023"]
[Source "ChessBase"]
[SourceDate "2022.10.05"]
[SourceVersion "1"]
[SourceVersionDate "2022.10.05"]
[SourceQuality "1"]
[WhiteTeam "Son Dameto"]
[BlackTeam "Llucmajor"]
[WhiteTeamCountry "ESP"]
[BlackTeamCountry "ESP"]

1. d4 d5 2. Nf3 Nf6 3. g3 e6 4. Bg2 Be7 5. 0-0 c5 6. c4 cxd4 7. Nxd4 0-0 8. cxd5 Nxd5 9. e4 Nb4 10. Nc3 N8c6 11. Nxc6 Nxc6 12. Be3 Ne5 13. Qe2 Qd3 14. Rfd1 Qxd1+ 1-0

[Event "Mallorca-chT Preferente"]
[Site "Mallorca"]
[Date "2021.03.20"]
[Round "3"]
[White "Altarriba Gracia, Sergio"]
[Black "Sauleda Roig, Jaume"]
[Result "0-1"]
[WhiteElo "1993"]
[BlackElo "2118"]
[PlyCount "156"]
[EventDate "2021.03.06"]
[EventType "team-swiss"]
[EventRounds "7"]
[EventCountry "ESP"]
[SourceTitle "EXT 2023"]
[Source "ChessBase"]
[SourceDate "2022.10.05"]
[SourceVersion "1"]
[SourceVersionDate "2022.10.05"]
[SourceQuality "1"]
[WhiteTeam "Mallorca Isolani"]
[BlackTeam "Son Dameto"]
[WhiteTeamCountry "ESP"]
[BlackTeamCountry "ESP"]

1. e4 c5 2. Nf3 d6 3. d4 cxd4 4. Nxd4 Nf6 5. Nc3 a6 6. a3 e5 7. Nf5 d5 8. Bg5 Bxf5 9. exf5 d4 10. Bxf6 gxf6 11. Ne4 Nd7 12. Bd3 Nc5 13. 0-0 Nxe4 14. Bxe4 Qc7 15. Qf3 Rb8 16. Rfd1 Bc5 17. Rac1 Qe7 18. Rd3 Rg8 19. c3 a5 20. cxd4 Bxd4 21. Rb3 b6 22. Bc6+ Kf8 23. Qh5 Rg7 24. Be4 Rd8 25. Qh6 Kg8 26. Rg3 Rxg3 27. hxg3 Bc5 28. g4 Rd4 29. Re1 Qd8 30. Re2 Bf8 31. Qh5 Qc7 32. Kh2 Qc1 33. Re3 Qxb2 34. Qh4 Bg7 35. g5 fxg5 36. Qxg5 f6 37. Qh5 Qb5 38. Rh3 Rxe4 39. Qxh7+ Kf8 40. Rg3 Qd7 41. Rg6 Qf7 42. Qh3 Qg8 43. Qc3 Qc4 44. Qa1 Rh4+ 45. Kg1 Rd4 46. Rg3 Qd5 47. Qc3 Qc5 48. Qb2 Bh6 49. Rc3 Qd6 50. Rc8+ Ke7 51. Qb3 Rh4 52. Rh8 Bg5 53. Rxh4 Bxh4 54. Qg8 Bg5 55. g3 b5 56. Qa8 Qc7 57. Qg8 Qd7 58. Qg7+ Kd6 59. Qf8+ Kd5 60. Qa8+ Qc6 61. Qxa5 Qc1+ 62. Kg2 Qc4 63. Qd8+ Ke4 64. Qa8+ Qd5 65. f3+ Kd4 66. Qa7+ Kd3 67. a4 Qa2+ 68. Kh3 Qxa4 69. Qd7+ Kc3 70. Qc6+ Qc4 71. Qa8 b4 72. Qa1+ Kc2 73. f4 exf4 74. gxf4 Qxf4 75. Qa4+ b3 76. Qc6+ Kb2 77. Qg2+ Qd2 78. Qf1 Kc2 0-1

[Event "Mallorca-chT Preferente"]
[Site "Palma de Mallorca"]
[Date "2012.03.17"]
[Round "7.4"]
[White "Sauleda Roig, Jaume"]
[Black "Nadal Marti, Bernardo Pedro"]
[Result "1-0"]
[WhiteElo "2146"]
[BlackElo "2084"]
[PlyCount "105"]
[EventDate "2012.01.28"]
[EventType "team"]
[EventRounds "9"]
[EventCountry "ESP"]
[SourceTitle "EXT 2014"]
[Source "ChessBase"]
[SourceDate "2013.11.20"]
[SourceVersion "1"]
[SourceVersionDate "2013.11.20"]
[SourceQuality "1"]
[WhiteTeam "Dimonis Algaida"]
[BlackTeam "Binissalem"]
[WhiteTeamCountry "ESP"]
[BlackTeamCountry "ESP"]

1. d4 d5 2. c4 c6 3. cxd5 cxd5 4. Bf4 Nc6 5. e3 Nf6 6. Nc3 Bg4 7. Qb3 Qd7 8. h3 Bh5 9. g4 Bg6 10. Nf3 e6 11. Ne5 Qc8 12. Bb5 Nd7 13. Rc1 Ndxe5 14. Bxe5 f6 15. Bg3 Be7 16. Ne2 Be4 17. 0-0 0-0 18. Qa4 Bf3 19. Rfe1 h5 20. Bxc6 bxc6 21. Qxc6 Qxc6 22. Rxc6 hxg4 23. hxg4 Bb4 24. Nc3 Bxg4 25. Rc1 Bf3 26. a3 Kf7 27. Kf1 Rh8 28. Ke1 Bxc3+ 29. R1xc3 Kg6 30. Rxe6 a5 31. Re7 Ra6 32. Rcc7 Rh7 33. Kd2 Rb6 34. Rb7 Rc6 35. Rec7 Rxc7 36. Rxc7 Rh1 37. Ra7 Rb1 38. Kc2 Be4+ 39. Kb3 a4+ 40. Rxa4 Rc1 41. Ra5 Kf5 42. Rc5 Ra1 43. a4 g5 44. a5 Bf3 45. Kb4 Ra2 46. Kb3 Ra1 47. Kb4 Ra2 48. Rc3 Rxb2+ 49. Rb3 Ra2 50. Ra3 Rb2+ 51. Kc5 Rc2+ 52. Kd6 Rc8 53. a6 1-0

[Event "Mallorca-chT Preferente"]
[Site "Palma de Mallorca"]
[Date "2012.02.25"]
[Round "4.4"]
[White "Navarrete Terrasa, Antonio"]
[Black "Sauleda Roig, Jaume"]
[Result "1-0"]
[WhiteElo "1869"]
[BlackElo "2146"]
[PlyCount "69"]
[EventDate "2012.01.28"]
[EventType "team"]
[EventRounds "9"]
[EventCountry "ESP"]
[SourceTitle "EXT 2014"]
[Source "ChessBase"]
[SourceDate "2013.11.20"]
[SourceVersion "1"]
[SourceVersionDate "2013.11.20"]
[SourceQuality "1"]
[WhiteTeam "Mate en Dos"]
[BlackTeam "Dimonis Algaida"]
[WhiteTeamCountry "ESP"]
[BlackTeamCountry "ESP"]

1. e4 Nf6 2. e5 Nd5 3. d4 d6 4. c4 Nb6 5. exd6 exd6 6. Nc3 Nc6 7. Nf3 Bg4 8. Be2 Be7 9. d5 Bxf3 10. Bxf3 Ne5 11. Be2 0-0 12. b3 Bf6 13. Bb2 Ng6 14. 0-0 Nf4 15. Bf3 Re8 16. Qd2 Bg5 17. Qc2 Nd7 18. g3 Ne5 19. Bd1 Nh3+ 20. Kg2 Qd7 21. f4 Ng4 22. Bxg4 Qxg4 23. fxg5 Re3 24. Rae1 Rxe1 25. Rxe1 Nxg5 26. Qe2 Qh3+ 27. Kg1 h5 28. Ne4 Nh7 29. Nf2 Qf5 30. Nd3 b5 31. Nf4 bxc4 32. bxc4 Rb8 33. Bc3 h4 34. Qe4 Qg4 35. Ng2 1-0

[Event "Mallorca-chT"]
[Site "Palma de Mallorca"]
[Date "2002.03.17"]
[Round "8.3"]
[White "Mas Garces, Juan Carlos"]
[Black "Sauleda Roig, Jaume"]
[Result "1/2-1/2"]
[WhiteElo "2251"]
[BlackElo "2185"]
[PlyCount "103"]
[EventDate "2002.??.??"]
[EventType "team"]
[EventRounds "10"]
[EventCountry "ESP"]
[SourceTitle "EXT 2003"]
[Source "ChessBase"]
[SourceDate "2002.11.25"]
[SourceVersion "1"]
[SourceVersionDate "2002.11.25"]
[SourceQuality "1"]

1. Nf3 Nf6 2. d4 c5 3. c3 g6 4. Bf4 Bg7 5. e3 0-0 6. Nbd2 d6 7. h3 a6 8. dxc5 dxc5 9. Nc4 Nd5 10. Be5 Nc6 11. Bxg7 Kxg7 12. e4 Nf4 13. g3 Nh5 14. Qxd8 Rxd8 15. Nb6 Rb8 16. Nxc8 Rbxc8 17. Rd1 Rxd1+ 18. Kxd1 Nf6 19. Nd2 Nd7 20. Be2 b5 21. Kc2 c4 22. f4 Nc5 23. e5 f6 24. exf6+ exf6 25. Bf3 Ne7 26. Ne4 Nd3 27. Be2 Rd8 28. Bxd3 Rxd3 29. Rd1 f5 30. Ng5 h6 31. Ne6+ Kf7 32. Nc5 Rxg3 33. Nxa6 Rxh3 34. Nc7 Rf3 35. Nxb5 Rxf4 36. b4 cxb3+ 37. axb3 g5 38. b4 g4 39. Nd6+ Ke6 40. b5 Nd5 41. b6 Nxb6 42. Nb5 Nc4 43. Rh1 g3 44. Rxh6+ Ke5 45. Kd3 Rg4 46. Rh1 Nd6 47. Nxd6 Kxd6 48. Ke3 Ke5 49. Kf3 Rg5 50. Re1+ Kf6 51. Rg1 Ke5 52. Rxg3 1/2-1/2

[Event "Mallorca-chT"]
[Site "Palma de Mallorca"]
[Date "2002.01.26"]
[Round "2.3"]
[White "Sabater Moner, Guillermo"]
[Black "Sauleda Roig, Jaume"]
[Result "1-0"]
[WhiteElo "2182"]
[BlackElo "2185"]
[PlyCount "87"]
[EventDate "2002.??.??"]
[EventType "team"]
[EventRounds "10"]
[EventCountry "ESP"]
[SourceTitle "EXT 2003"]
[Source "ChessBase"]
[SourceDate "2002.11.25"]
[SourceVersion "1"]
[SourceVersionDate "2002.11.25"]
[SourceQuality "1"]

1. b3 Nf6 2. Bb2 g6 3. Nf3 Bg7 4. g3 0-0 5. Bg2 d6 6. d4 c5 7. 0-0 cxd4 8. Nxd4 a6 9. c4 Qc7 10. Nc3 Nc6 11. Rc1 Nxd4 12. Qxd4 Be6 13. Na4 Rfd8 14. Qh4 Bd7 15. Nc3 Bc6 16. Bxc6 Qxc6 17. Nd5 Nxd5 18. cxd5 Qd7 19. Bxg7 Kxg7 20. Rc4 Rac8 21. Rfc1 f6 22. Qe4 Rxc4 23. Rxc4 Kf7 24. h4 h5 25. Qc2 Qb5 26. Qe4 Qd7 27. Kg2 f5 28. Qc2 Qb5 29. e4 fxe4 30. Qxe4 Qd7 31. Rc3 Kg7 32. Re3 Re8 33. Qd4+ Kg8 34. Re6 Rf8 35. Rxg6+ Kf7 36. Qg7+ Ke8 37. Re6 b5 38. Qg6+ Kd8 39. Qxh5 Qa7 40. Re2 Qd4 41. Qg5 Rf6 42. Qd2 Qg4 43. Qe3 Qg7 44. Qb6+ 1-0

[Event "Mallorca-chT Preferente"]
[Site "Palma de Mallorca"]
[Date "2001.03.10"]
[Round "10.3"]
[White "Sauleda Roig, Jaume"]
[Black "Ferrer Roig, Juan"]
[Result "0-1"]
[WhiteElo "2152"]
[BlackElo "2088"]
[PlyCount "154"]
[EventDate "2001.01.13"]
[EventType "team"]
[EventRounds "14"]
[EventCountry "ESP"]
[SourceTitle "EXT 2002"]
[Source "ChessBase"]
[SourceDate "2001.11.25"]
[SourceVersion "1"]
[SourceVersionDate "2001.11.25"]
[SourceQuality "1"]

1. d4 e6 2. c4 d5 3. Nc3 Nf6 4. cxd5 exd5 5. Bg5 Be7 6. e3 0-0 7. Bd3 Nbd7 8. Nge2 Re8 9. Qc2 h6 10. Bh4 Nf8 11. 0-0 c6 12. Rab1 Ne6 13. b4 a6 14. a4 Ng5 15. Bg3 Bd6 16. Bxd6 Qxd6 17. Ng3 Bd7 18. Nf5 Qf8 19. a5 g6 20. Ng3 Qe7 21. Na4 Rad8 22. Nb6 h5 23. Nxd7 Rxd7 24. h4 Nge4 25. Nxe4 dxe4 26. Bc4 Nd5 27. Bxd5 Rxd5 28. g3 Kg7 29. Kg2 Rb5 30. Qc3 Rd5 31. Qd2 Kg8 32. Rfc1 Qf6 33. Qe2 Qe6 34. Rc5 Red8 35. Rbc1 Kg7 36. Rxd5 Rxd5 37. Rc5 Kf8 38. Qc2 Ke8 39. Qe2 Kd7 40. f3 f5 41. f4 Rxc5 42. bxc5 Qb3 43. Kf2 Ke6 44. Qd2 Kd5 45. Qe2 Qb1 46. Kg2 Qb3 47. Kf2 Qa4 48. Qb2 Kc4 49. Qe2+ Kb4 50. Qd2+ Kc4 51. d5 cxd5 52. Qd4+ Kb5 53. Qxd5 Qc2+ 54. Ke1 Qc3+ 55. Kf2 Qxc5 56. Qxb7+ Kxa5 57. Qb3 Qb4 58. Qa2+ Kb5 59. Qd5+ Qc5 60. Qb3+ Kc6 61. Qe6+ Qd6 62. Qc4+ Kb6 63. Qb3+ Ka5 64. Qc3+ Ka4 65. Qc4+ Ka5 66. Qc3+ Qb4 67. Qc7+ Ka4 68. Qc2+ Ka3 69. Kf1 a5 70. Qc6 a4 71. Qxg6 Qb1+ 72. Kf2 Qc2+ 73. Kf1 Qd1+ 74. Kf2 Qf3+ 75. Ke1 Qxe3+ 76. Kd1 Qd3+ 77. Kc1 e3 0-1

[Event "Mallorca-chT Preferente"]
[Site "Palma de Mallorca"]
[Date "2001.02.03"]
[Round "4.3"]
[White "Sauleda Roig, Jaume"]
[Black "Bellon Lopez, Fernando"]
[Result "1-0"]
[WhiteElo "2152"]
[BlackElo "2180"]
[PlyCount "81"]
[EventDate "2001.01.13"]
[EventType "team"]
[EventRounds "14"]
[EventCountry "ESP"]
[SourceTitle "EXT 2002"]
[Source "ChessBase"]
[SourceDate "2001.11.25"]
[SourceVersion "1"]
[SourceVersionDate "2001.11.25"]
[SourceQuality "1"]

1. d4 c5 2. d5 e5 3. e4 d6 4. f4 exf4 5. Bxf4 Ne7 6. Bb5+ Bd7 7. Bxd7+ Qxd7 8. Nf3 Ng6 9. Bg3 f6 10. Nbd2 Qc7 11. a4 Nd7 12. Nc4 Nb6 13. Qd3 Nxc4 14. Qxc4 Be7 15. 0-0 0-0-0 16. Ra3 Kb8 17. Rc3 Rc8 18. Qb5 a6 19. Qd3 Qa5 20. Nd2 Qxa4 21. Nc4 Ka7 22. Nxd6 Bxd6 23. Bxd6 b6 24. Rc4 Qd7 25. Bg3 Rhe8 26. Ra1 b5 27. Rxc5 Rxc5 28. Qd4 Rxe4 29. Qxc5+ Kb7 30. Bf2 Ra4 31. Qb6+ Kc8 32. Rxa4 bxa4 33. Qxa6+ Kd8 34. Qa8+ Ke7 35. c4 Nf4 36. Qg8 Qg4 37. Bc5+ Kd7 38. Qf7+ Kc8 39. Qe8+ Kc7 40. d6+ Kb7 41. Qe7+ 1-0